000 00932nam a22001937a 4500
003 BR-ViAPE
005 20260423121739.0
008 260423m18171840por gs|||| 000 0 por d
040 _cBR-ViAPE
100 _aRubim, Francisco Alberto
245 _aMemórias para servir à história até o ano de 1817:
_be breve notícia estatística da Capitania do Espírito Santo, porção integrante do reino do Brasil: escritas em 1818 e publicadas em 1840
260 _aLisboa
_bImprensa Nevesiana
_c1840
300 _a32 p.
_bDocumento digitalizado (PDF)
500 _aDocumento digitalizado do acervo institucional do Arquivo Público do Estado do Espírito Santo - APEES.
650 _aHistória
_zEspírito Santo
651 _aEspírito Santo
_xEstatística
856 _uhttps://ape.es.gov.br/Media/ape/PDF/Livros/Livros_Historicos/Memorias_Alberto_Rubim_1840%20111.pdf
_yCLIQUE AQUI PARA ACESSAR O DOCUMENTO
942 _2ddc
_cOBRAS_RARA
_n1
999 _c564
_d564